Statistiques concernant Les plus grandes villes traversees par le Rhone

Cliquez ici pour prendre le quiz!

Statistiques générales

  • Ce quiz a été pris 101 fois
  • Le résultat moyen est 6 sur 10

Statistiques - réponses

VillesPopulation% Correct
Lyon513,275
100%
Valence62,479
91%
Avignon92,130
76%
Villeurbanne148,665
73%
Arles52,886
72%
Geneve198,979
71%
Montelimar38,397
68%
Vienne29,162
51%
Vaulx-en-Velin47,313
31%
Sion32,304
17%

Distribution des résultats

Percentile par nombre de réponses

% des personnes avec chaque résultat

Votre développement - résultats

Vous n’avez pas pris ce quiz